000 00862nam a2200121Ia 4500
008 220620s9999||||xx |||||||||||||| ||und||
245 0 _aRobotics, AI, and Humanity
_bScience, Ethics, and Policy
546 _aEnglish[eng]
650 _aCognitive Psychology||Artificial Intelligence||Ethics||Social Policy||Labor Economics||Moral Philosophy and Applied Ethics||Labor and Population Economics||robotics||consciousness||innovation||economics||informatics||philosophy||sociology||poverty||political science||armed conflict||Open Access||Cognition & cognitive psychology||Ethics & moral philosophy||Political economy||Social & ethical issues||Labour economics
700 _avon Braun, Joachim||S. Archer, Margaret||Reichberg, Gregory M.||Sánchez Sorondo, Marcelo
856 _uhttps://library.oapen.org/bitstream/20.500.12657/47279/1/9783030541736.pdf
942 _cEB
999 _c31608
_d31608